MDQL
is popping MORE tags! Check the
thread
!
Quizzes
Events
Quiz Creation
Community
Videos
Private Events
Remove Ads
Sign In
Join for FREE
Feedback
Dark Mode
Quiz Categories
Sports
Geography
Music
Movies
Television
Just For Fun
Miscellaneous
History
Literature
Language
Science
Gaming
Entertainment
Religion
Holiday
For Kids
Quiz Lab
Recent
Popular Today
Quiz Kudos Today
Editor Picks
Curator Picks
Quizzes by...
Day
Popularity
Type
Ratings
Length
Year
Community
Subscriptions
Recent Discussions
Orange Saloon
Badges
Playlists
Quests
Create
Leaderboards
Showdown
Live 5
Trivia Bingo
Activity
Puzzle Library
Sporcle Events
Private Events
Virtual Trivia
Globe League
Become a Host
Pub Owners
SporcleCon
Opinionation
Our Games
Videos
Blog
Mobile Apps
Partnerships
Remove Ads and Go Orange
Feedback
Geography
Country
Landmarks
City
State
Population
World
Capital
Continent
Flags
Europe
Africa
Asia
South America
North America
Oceania
Border
Canada
United Kingdom
Topography
United States
Geography
Country
Landmarks
City
State
Population
World
Capital
Continent
Flags
Europe
Africa
Asia
South America
North America
Oceania
Border
Canada
United Kingdom
Topography
United States
Random Quiz
Search Sporcle
×
Quiz Lab
Quiz Lab
Geography
Country
Type in answers that appear in a list
Type in answers that appear in a list
Classic
Best Score? Go Orange.
In a line: from Lima to Chittagong Stats
Can you name the countries along the shortest direct line from Lima to Chittagong?
By
Gesmiete
5m
32 Questions
27 Plays
27 Plays
27 Plays
Comments
Comments
Give Quiz Kudos
Give Quiz Kudos
-
- Ratings
hide this ad
Replay
Link that replays current quiz
Next Quiz
Link to next quiz in quiz playlist
You Got
0%
They Got
Avg Score
79%
Avg Friend Score
Upgrade to see
Score Distribution
Jump to the score distribution portion of the page
Score
0/32
Timer
05:00
0
Plays Today
Hint
Answer
% Correct
1 (Lima is here)
Peru
96.3%
2
Brazil
92.6%
4
Brazil
92.6%
6
Brazil
92.6%
3
Venezuela
81.5%
5
Venezuela
81.5%
7
Guyana
81.5%
10
France
81.5%
28
India
81.5%
29
China
81.5%
31
India
81.5%
32 (Chittagong is here)
Bangladesh
81.5%
8
Portugal
77.8%
9
Spain
77.8%
18
Romania
77.8%
21
Russia
77.8%
Hint
Answer
% Correct
22
Uzbekistan
77.8%
23
Turkmenistan
77.8%
24
Uzbekistan
77.8%
25
Tajikistan
77.8%
26
Afghanistan
77.8%
27
Pakistan
77.8%
30
Nepal
77.8%
11
Italy
74.1%
12
Slovenia
74.1%
14
Slovenia
74.1%
15
Croatia
74.1%
16
Slovenia
74.1%
17
Hungary
74.1%
19
Moldova
74.1%
20
Ukraine
74.1%
13
Austria
70.4%
Quiz Playlist
Details
Report
Send in Message
Add To Playlist
Classic:
Type in answers that appear in a list
Last Updated: Mar 7, 2017
Quiz Scoreboard
CHALLENGE
Sign Up to Join the Scoreboard
Show All
Scores
Hide
Comments
May contain spoilers
Recently Published
Holiday 10x10 Sorting Gallery
by lukepisani3
Holiday
15m
Two Season TV Shows II
by 123Four
Television
10m
Image Sorting: Flags VI
by Barbecue
Geography
2m
More to Explore
Quiz From the Vault
Featured Blog Post
14 Easter Pick-up Lines to Find Eggs With
hide this ad
You Might Also Like...
Tags
Country Quiz
along
direct
shortest
Today's Top Quizzes in Geography
Browse Geography
hide this ad
Today's Top Quizzes in Country
Browse Country
Top Contributed Quizzes in Geography
1
Colored Red Europe Blitz I
2
Countries of the World - No Outlines Minefield
3
Colored Red Africa Blitz II
4
Colored Red Europe Blitz II
5
Colored Red Europe Blitz III
6
Colored Red Africa Blitz III
7
Colored Red States Blitz I
8
Colored Red States Blitz II
9
A Different View: World Oceans
10
Colored Red States Blitz III
Explore More
Trending Topics
Crossword
Kpop
Marvel
Disney
Harry Potter
Anime
NBA
Country
The Office
Puzzle
NFL
Soccer
Pokémon
Song
WWE
hide this ad
More By:
Gesmiete
Quiz
Plays
Rating
Category
Featured
Created
50 largest municipalities of Belgium by area
173
5.00
Geography
Oct 30, 2015
In a line: from Buenos Aires to Beijing
48
4.75
Geography
Mar 7, 2017
In a line: from Faro (Portugal) to Brisbane
48
5.00
Geography
Mar 8, 2017
In a line: from Managua to Mumbai
35
5.00
Geography
Mar 8, 2017
In a line: from Lima to Chittagong
27
5.00
Geography
Mar 6, 2017
Go to Creator's Profile
Score Distribution
Quiz Creator Spotlight
Gesmiete
Follow
Send a Message
Quizzes Created
-
Created Quiz Play Count
-
More By This Creator
Popular Quizzes Today
1
Find the US States - No Outlines Minefield
2
Colored Red Africa Blitz
3
Find the 'City' Movie
4
The Countries of the World
5
5x2 Blitz: Bands
6
Find the Countries of Europe - No Outlines Minefield
7
Find the US States
8
US States
More Geography Quizzes
JULBEMD Geography...Hidden Places IV
Editor's Pick
Trending Quizzes
Colored Red Europe Blitz I
Colored Red Africa Blitz II
Colored Red Europe Blitz II
Even More Two Season TV Shows
Colored Red Africa Blitz III
Recently Updated
Quick Pick: 20 Twenties
pecheneg
March Madness Men's Triple Doubles
pecheneg
How Do You Spell That?
pecheneg
Godzilla Movies
pecheneg
Grab Bag: 4-10 Letters
pecheneg
2024 March Madness Bracket
pecheneg
Famous TV Couples
Peacemaker
Champions League XIs: Real Madrid
pecheneg
Largest US Cities 1790-2010
pecheneg
Rides in Walt Disney World
pecheneg
Trending Topics
Crossword
Marvel
Harry Potter
Disney
Anime
NBA
Kpop
The Office
Puzzle
Song
NFL
WWE
Pokémon
Country
Soccer
Your Account Isn't Verified!
In order to create a playlist on Sporcle, you need to verify the email address you used during registration. Go to your
Sporcle Settings
to finish the process.
Report this User
Report this user for behavior that violates our
Community Guidelines
.
Details:
Send Report
Go to the Sporcle.com Mobile Site →
Comments